All 10k+ Cities in Bolivia - Statistics

General Stats
  • This quiz has been taken 49 times
  • The average score is 17 of 53
Answers on the Map
Answers color-coded by a green-red scale on the quiz's map according to % correct below.
 
Answer Stats
Department Population Answer % Correct
La Paz 758,845 La Paz
96%
Cochabamba 632,013 Cochabamba
92%
Oruro 264,943 Oruro
88%
Santa Cruz 1,442,396 Santa Cruz
88%
Potosí 176,022 Potosí
85%
Chuquisaca 238,798 Sucre
85%
La Paz 846,880 El Alto
77%
Tarija 179,561 Tarija
77%
Potosí 18,134 Uyuni
50%
Beni 101,628 Trinidad
46%
Santa Cruz 77,668 Warnes
42%
Santa Cruz 107,298 Montero
38%
Cochabamba 117,859 Quillacollo
38%
Cochabamba 150,110 Sacaba
38%
Tarija 29,564 Bermejo
35%
Pando 44,120 Cobija
35%
Beni 13,446 Rurrenabaque
35%
Cochabamba 49,473 Tiquipaya
35%
Tarija 61,844 Yacuíba
35%
Potosí 25,166 Llallagua
31%
Beni 78,773 Riberalta
31%
Potosí 27,463 Tupiza
31%
Cochabamba 51,990 Colcapirhua
27%
Santa Cruz 16,343 Puerto Suárez
27%
Santa Cruz 10,158 Vallegrande
27%
La Paz 62,979 Viacha
27%
Tarija 30,228 Villamontes
27%
Potosí 35,337 Villazón
27%
Santa Cruz 12,486 San José de Chiquitos
23%
Santa Cruz 28,855 Camiri
19%
La Paz 13,299 Caranavi
19%
La Paz 11,249 Patacamaya
19%
Santa Cruz 11,071 Puerto Quijarro
19%
Cochabamba 19,601 Punata
19%
Santa Cruz 10,594 Roboré
19%
Cochabamba 11,826 Sipe Sipe
19%
Cochabamba 41,017 Vinto
19%
La Paz 18,722 Achocalla
15%
Oruro 12,684 Challapata
15%
Beni 35,803 Guayaramerín
15%
Oruro 20,336 Huanuni
15%
Santa Cruz 76,123 La Guardia
15%
Beni 10,054 San Ignacio de Moxos
15%
Santa Cruz 30,952 Yapacaní
15%
Santa Cruz 19,974 Ascensión de Guarayos
12%
Santa Cruz 19,482 Cotoca
12%
Beni 17,520 San Borja
12%
Santa Cruz 23,126 San Ignacio de Velasco
12%
Santa Cruz 17,130 El Torno
8%
Santa Cruz 18,340 Mineros
8%
Santa Cruz 14,091 Portachuelo
8%
Santa Cruz 19,374 San Julián
8%
Beni 12,191 Santa Ana del Yacuma
8%
No matching quizzes found
Score Distribution
Percent of People with Each Score
Percentile by Number Answered
Your Score History
You have not taken this quiz